C'est pas de ton Âge (Registo nº 30733)

Detalhes MARC
000 -Etiqueta do registo
Valores 00502nbm0a2200217 4500
010 ## - Número ISBN
ISBN 2800129611
090 ## -
-- 30733
100 ## - Dados gerais de processamento
Dados gerais 20090915d2000 a 0pory5003 ba
101 ## - Língua de publicação
-- fre
102 ## - País de publicação
-- PT
105 ## -
-- a z 00 y
200 1# - Titulo e menção de responsabilidade
Título próprio C'est pas de ton Âge
Primeira menção de responsabilidade Tome
210 ## - Publicação
Local de publicação Belgique
Nome do editor Dupuis
Data de publicação 2000
215 ## - Descrição física 
Paginação / Volumes 46 p.
Dimensões 30 cm.
225 2# - Colecção 
Título próprio da colecção <Le >Petit Spirou
Indicação de volume 9
675 ## - CDU
Notação 087.5
Edição BNL
Língua por
700 #1 - Autor principal (pessoa individual)
Apelido Tome
930 ## -
-- BECRE
990 ## - Elementos KOHA
Tipo de documento Livro
995 ## - Localização e informação dos exemplares
-- 18
Exemplares
Situação do levantamento Estado Biblioteca de origem Biblioteca de empréstimo Código de barras Cota Permissão de empréstimo Tipo de documento
  Completo Biblioteca da Escola Básica e Secundária Dr Isidoro de Sousa Biblioteca da Escola Básica e Secundária Dr Isidoro de Sousa 698EV 087.5 TOM Disponível Livro




Powered by Koha